[Event "grenke Chess Open 2025"]
[Site "Karlsruhe GER"]
[Date "2025.04.19"]
[Round "5.30"]
[White "Horlevskyi, Anton"]
[Black "Tadic, Stefan"]
[Result "0-1"]
[BlackTitle "IM"]
[WhiteElo "1882"]
[BlackElo "2419"]
[WhiteFideId "14193850"]
[BlackFideId "958980"]
[EventDate "2025.04.17"]

1. d4 Nf6 2. c4 c5 3. d5 b5 4. cxb5 a6 5. bxa6 Bxa6 6. g3 d6 7. Bg2 Nbd7 8. Nc3
Nb6 9. Nf3 g6 10. Rb1 Bc4 11. e4 Bxa2 12. Nxa2 Rxa2 13. Qb3 Ra4 14. Qb5+ Nfd7
15. Qe2 Bg7 16. O-O O-O 17. b3 Ra7 18. Qd3 Ra2 19. Be3 Qa8 20. Bh3 Nb8 21. Nd2
Na6 22. b4 Nxb4 23. Rxb4 cxb4 24. Bxb6 Qa3 25. Nb3 Rb2 26. Rb1 Ra8 27. Bf1 Rc8
28. Rxb2 Qxb2 29. Qa6 Rb8 30. Bc7 Rf8 31. Qa4 Qa3 32. Bb5 f5 33. e5 Bxe5 34. Ba5
f4 35. Bxb4 Qb2 36. Bd2 Qb1+ 37. Bf1 fxg3 38. hxg3 Bxg3 39. Bh6 Qc2 40. Be3 Qf5 0-1

[Event "grenke Chess Open 2025"]
[Site "Karlsruhe GER"]
[Date "2025.04.19"]
[Round "5.31"]
[White "Ustianovich, Nazar"]
[Black "Shirov, Alexei"]
[Result "1/2-1/2"]
[WhiteTitle "FM"]
[BlackTitle "GM"]
[WhiteElo "2293"]
[BlackElo "2650"]
[WhiteFideId "14109778"]
[BlackFideId "2209390"]
[EventDate "2025.04.17"]

1. d4 Nf6 2. c4 e6 3. Nf3 d5 4. e3 a6 5. b3 c5 6. cxd5 Nxd5 7. Be2 cxd4 8. Nxd4
e5 9. Nc2 Nc6 10. e4 Nf4 11. Qxd8+ Nxd8 12. Bxf4 exf4 13. Nc3 Be6 14. O-O-O Bc5
15. f3 Rc8 16. Kb2 Nc6 17. Nd5 Bd6 18. Nb6 Rd8 19. Bc4 Ne5 20. Be2 h5 21. Nd4 h4
22. h3 Rh5 23. Nxe6 fxe6 24. Rhe1 Rg5 25. Bf1 Bc5 26. Rxd8+ Kxd8 27. Nc4 Nc6 28.
Rd1+ Kc7 29. Kb1 b5 30. Nb2 Be3 31. Nd3 Rh5 32. Ne1 Nd4 33. Nc2 Nxc2 34. Kxc2
Rc5+ 35. Kb2 a5 36. a4 bxa4 37. bxa4 e5 38. Bb5 Bd4+ 39. Kb1 Kb6 40. Rc1 Bc3 41.
Ka2 Bb4 42. Rxc5 Kxc5 43. Kb3 1/2-1/2

[Event "grenke Chess Open 2025"]
[Site "Karlsruhe GER"]
[Date "2025.04.19"]
[Round "5.32"]
[White "Xu, Yuanyuan"]
[Black "Meier, Georg"]
[Result "0-1"]
[WhiteTitle "WGM"]
[BlackTitle "GM"]
[WhiteElo "2288"]
[BlackElo "2595"]
[WhiteFideId "8601089"]
[BlackFideId "4675789"]
[EventDate "2025.04.17"]

1. d4 e6 2. c4 b6 3. a3 Nf6 4. d5 Ba6 5. e3 g6 6. Nc3 Bg7 7. Be2 c6 8. d6 O-O 9.
e4 c5 10. Bg5 Nc6 11. Nf3 h6 12. Bf4 Ne8 13. e5 g5 14. Bg3 g4 15. Bh4 Qb8 16.
Nd2 Nxe5 17. Be7 f5 18. Bxf8 Kxf8 19. h3 h5 20. hxg4 hxg4 21. f3 g3 22. f4 Nc6
23. Qa4 Bb7 24. O-O-O Qxd6 25. Rh4 a6 26. Nde4 Qc7 27. Ng5 Nd4 28. Rd3 Nf6 29.
Rxg3 Ng4 30. Nh3 Nxe2+ 31. Nxe2 Qd6 32. Rh7 Kg8 33. Ng5 e5 34. Qc2 Qf6 35. Rh5
e4 36. Nc3 Re8 37. Qd1 Re7 38. Qh1 e3 39. Nh7 Qd4 40. Rg5 Qd2+ 41. Kb1 e2 42.
Nf6+ Nxf6 43. Nxe2 Qxe2 44. Qh6 Ng4 45. Qxb6 Qe1+ 46. Ka2 Qxg3 47. Qd8+ Kf7 48.
Rxg7+ Kxg7 49. Qxe7+ Kg6 50. Qe8+ Kf6 51. Qxd7 Qxf4 52. Qd8+ Kg6 53. Qg8+ Kh5
54. Qh7+ Kg5 55. Qe7+ Kh5 56. Qh7+ Nh6 57. Qxb7 Qxc4+ 58. Ka1 Nf7 59. Qe7 Kg6
60. g3 a5 61. Qf8 0-1

[Event "grenke Chess Open 2025"]
[Site "Karlsruhe GER"]
[Date "2025.04.19"]
[Round "5.33"]
[White "Lashkin, Jegor"]
[Black "Atoyan, Alberto"]
[Result "1-0"]
[WhiteTitle "IM"]
[BlackTitle "CM"]
[WhiteElo "2528"]
[BlackElo "2299"]
[WhiteFideId "13907808"]
[BlackFideId "13314831"]
[EventDate "2025.04.17"]

1. d4 Nf6 2. c4 e6 3. Nc3 Bb4 4. e3 O-O 5. Bd2 b6 6. Nf3 c5 7. dxc5 Bxc5 8. Bd3
Bb7 9. O-O d5 10. cxd5 Nxd5 11. Qe2 Nd7 12. Ba6 Bxa6 13. Qxa6 N7f6 14. Rfd1 Qc8
15. Qa4 Qb7 16. Nxd5 Nxd5 17. Rac1 Rac8 18. Rc2 b5 19. Qe4 Be7 20. Rdc1 Bf6 21.
g4 Rc4 22. Rxc4 bxc4 23. g5 Bxb2 24. Rxc4 Qa6 25. Qc2 g6 26. a4 Nb6 27. Rc6 Qxa4
28. Qxa4 Nxa4 29. Ra6 Nc5 30. Rxa7 Ne4 31. Ba5 Bg7 32. Bc7 h6 33. h4 hxg5 34.
hxg5 Rc8 35. Kg2 Bb2 36. Rb7 Bg7 37. Bg3 Rc5 38. Rb8+ Kh7 39. Rb7 Kg8 40. Bh4
Bc3 41. Ra7 Kg7 42. Ra4 Nd6 43. Bg3 Nf5 44. Bh2 Rc8 45. e4 Ne7 46. Bd6 Ng8 47.
Ra7 Re8 48. Rc7 Ba5 49. Ra7 Bc3 50. Ra3 Bb2 51. Rb3 Ba1 52. Bb4 Ra8 53. Rb1 f6
54. Bc5 Kh8 55. Rb7 fxg5 56. e5 Rc8 57. Nxg5 Nh6 58. Rh7+ Kg8 59. Rxh6 Rxc5 60.
Rxg6+ Kh8 61. Rxe6 Rc2 62. Kg3 Bd4 63. f4 Be3 64. Rf6 Kg7 65. Ne6+ Kh7 66. Kg4
Rf2 67. Ng5+ Kg7 68. Ne4 Rf1 69. e6 Ra1 70. Rf7+ Kg6 71. f5+ Kh6 72. e7 1-0

[Event "grenke Chess Open 2025"]
[Site "Karlsruhe GER"]
[Date "2025.04.19"]
[Round "5.34"]
[White "Balabayeva, Xeniya"]
[Black "Kunin, Vitaly"]
[Result "1/2-1/2"]
[WhiteTitle "WGM"]
[BlackTitle "GM"]
[WhiteElo "2285"]
[BlackElo "2522"]
[WhiteFideId "13719688"]
[BlackFideId "4128737"]
[EventDate "2025.04.17"]

1. d4 d5 2. Bf4 c5 3. e3 cxd4 4. exd4 Nc6 5. c3 f6 6. Bb5 Bf5 7. Nd2 e6 8. Ngf3
g5 9. Bg3 Bd6 10. Qe2 Ne7 11. Bd3 Qd7 12. Bxd6 Qxd6 13. Bxf5 Nxf5 14. Nb3 b6 15.
O-O-O O-O-O 16. a4 Kb7 17. g3 Rc8 18. Kb1 Nd8 19. a5 Qc6 20. axb6 axb6 21. Kc2
Ra8 22. Ra1 Nf7 23. g4 Ng7 24. h4 gxh4 25. Nxh4 Rxa1 26. Rxa1 Qc4 27. Qxc4 dxc4
28. Nd2 Nd6 29. Rh1 h5 30. Ng6 Rg8 31. gxh5 Nxh5 32. Ne7 Rg5 33. Re1 Ng7 34. f4
Rh5 35. d5 exd5 36. Nxd5 Rxd5 37. Re7+ Ka6 38. Rxg7 Nf5 39. Rg1 Ne3+ 40. Kc1 Kb5
41. Nf3 Kc5 42. Nd4 Rh5 43. Re1 Rh3 44. Kd2 Ng4 45. Re6 Rh2+ 46. Re2 Rh3 47. Rg2
Rd3+ 48. Ke2 Ne3 49. Rg3 Nd5 50. Rf3 b5 51. f5 Rxf3 52. Kxf3 b4 53. Ne6+ Kb5 54.
cxb4 Kxb4 55. Ke4 Nb6 56. Nf4 Kb3 57. Nd5 Nd7 58. Kd4 Ne5 59. Nxf6 Nf3+ 60. Ke4
Nh4 61. Nd5 Nxf5 62. Kxf5 Kxb2 63. Ne3 c3 64. Nd1+ Kb3 65. Nxc3 Kxc3 1/2-1/2

[Event "grenke Chess Open 2025"]
[Site "Karlsruhe GER"]
[Date "2025.04.19"]
[Round "5.35"]
[White "Schoorl, Rob"]
[Black "Bellahcene, Bilel"]
[Result "0-1"]
[WhiteTitle "FM"]
[BlackTitle "GM"]
[WhiteElo "2285"]
[BlackElo "2506"]
[WhiteFideId "1009508"]
[BlackFideId "696358"]
[EventDate "2025.04.17"]

1. Nf3 d5 2. c4 e6 3. g3 Nf6 4. Bg2 d4 5. O-O Nc6 6. d3 Bc5 7. Nbd2 O-O 8. Nb3
Be7 9. e3 dxe3 10. Bxe3 a5 11. d4 Ng4 12. Qe2 a4 13. Nbd2 a3 14. bxa3 Nxe3 15.
fxe3 Rxa3 16. Nb3 b6 17. Rfc1 Nb4 18. c5 bxc5 19. Nxc5 Nd5 20. e4 Ne3 21. Qb2
Bxc5 22. Rxc5 Rd3 23. Rac1 Ba6 24. Rxc7 Qxc7 25. Rxc7 Rd1+ 26. Ne1 Rxe1+ 27. Kf2
Nd1+ 28. Kxe1 Nxb2 29. Ra7 Bc4 30. Rb7 Nd3+ 31. Kd2 Ra8 32. Rc7 Rxa2+ 33. Ke3
Ba6 34. Bf1 Ra3 35. Ra7 Nb4+ 36. Kf4 h6 0-1

[Event "grenke Chess Open 2025"]
[Site "Karlsruhe GER"]
[Date "2025.04.19"]
[Round "5.36"]
[White "Wadsworth, Matthew J"]
[Black "Hrebenshchykova, Yelyzaveta"]
[Result "1/2-1/2"]
[WhiteTitle "IM"]
[BlackTitle "WIM"]
[WhiteElo "2500"]
[BlackElo "2296"]
[WhiteFideId "415804"]
[BlackFideId "14159899"]
[EventDate "2025.04.17"]

1. c4 e6 2. g3 d5 3. Bg2 Nf6 4. Nf3 d4 5. O-O Nc6 6. d3 Bc5 7. Nbd2 a5 8. Nb3
Be7 9. e3 dxe3 10. Bxe3 Ng4 11. Bc5 a4 12. Bxe7 Qxe7 13. Nbd4 Nxd4 14. Nxd4 Nf6
15. Re1 O-O 16. Qe2 Rd8 17. Nc2 c5 18. Rad1 Bd7 19. d4 cxd4 20. Nxd4 Be8 21. b3
axb3 22. axb3 Qc5 23. Nc2 Bc6 24. b4 Qb6 25. Qe3 Qxe3 26. Nxe3 Rxd1 27. Rxd1
Bxg2 28. Kxg2 Kf8 29. c5 Ke7 30. Rd6 Ra6 31. Rxa6 bxa6 32. Kf3 Kd7 33. Kf4 Kc6
34. Ke5 Nd7+ 35. Kd4 f6 36. Nc4 Kb5 37. Kc3 g5 38. f4 gxf4 39. gxf4 a5 40. Nd6+
Kc6 41. bxa5 Kxc5 42. Nc4 Kb5 43. Kd4 Nb8 44. Nd6+ Kxa5 45. Kc5 Na6+ 46. Kc6 Kb4
47. Ne4 Kc4 48. Nxf6 Kd4 49. Kd6 Nc5 50. Nh5 h6 51. h3 Nd3 52. Kxe6 Ke4 53. f5
Nc5+ 54. Kf6 Nd7+ 55. Ke7 Kxf5 56. Kxd7 Kg5 57. Ng7 Kh4 58. Nf5+ Kxh3 59. Nxh6 1/2-1/2

[Event "grenke Chess Open 2025"]
[Site "Karlsruhe GER"]
[Date "2025.04.19"]
[Round "5.37"]
[White "Schlosser, Philipp"]
[Black "Malek, Daniel"]
[Result "1/2-1/2"]
[WhiteTitle "GM"]
[BlackTitle "FM"]
[WhiteElo "2481"]
[BlackElo "2291"]
[WhiteFideId "4600169"]
[BlackFideId "4661940"]
[EventDate "2025.04.17"]

1. c4 e5 2. g3 d6 3. Bg2 f5 4. Nc3 Nf6 5. d3 Be7 6. e3 O-O 7. Nge2 c6 8. O-O Be6
9. f4 a5 10. b3 Nbd7 11. h3 Nc5 12. e4 Qc8 13. Kh2 fxe4 14. dxe4 exf4 15. gxf4
Qc7 16. Be3 Rad8 17. Ng3 b6 18. Rc1 Rfe8 19. Rc2 Bf7 20. Rd2 Kh8 21. Qf3 Bg6 22.
Rfd1 Bf8 23. e5 dxe5 24. Qxc6 Qxc6 25. Bxc6 Rxd2+ 26. Rxd2 exf4 27. Bxf4 Rc8 28.
Bd6 Rd8 29. Bf4 Rc8 30. Bd6 Rd8 31. Bf4 1/2-1/2

[Event "grenke Chess Open 2025"]
[Site "Karlsruhe GER"]
[Date "2025.04.19"]
[Round "5.38"]
[White "Petkidis, Anthony"]
[Black "Vichnar, David"]
[Result "1-0"]
[WhiteTitle "IM"]
[BlackTitle "FM"]
[WhiteElo "2471"]
[BlackElo "2289"]
[WhiteFideId "24673390"]
[BlackFideId "323837"]
[EventDate "2025.04.17"]

1. e4 c5 2. Nf3 e6 3. d4 cxd4 4. Nxd4 Nc6 5. Nc3 a6 6. Be3 Nf6 7. a3 Qc7 8. f4
Nxd4 9. Bxd4 Qxf4 10. g3 Qc7 11. e5 Nd5 12. Nxd5 exd5 13. Bg2 d6 14. Qe2 Be6 15.
O-O-O O-O-O 16. Rd3 Kb8 17. exd6 Bxd6 18. Bxg7 Rhe8 19. Bf6 Bf5 20. Bxd8 Qxd8
21. Qd2 Bxd3 22. Qxd3 Qg5+ 23. Kb1 Re3 24. Qxh7 Qe5 25. Qxf7 Qd4 26. Bxd5 Re7
27. Qf3 Re3 28. Qd1 Qb6 29. Bb3 a5 30. Re1 1-0

[Event "grenke Chess Open 2025"]
[Site "Karlsruhe GER"]
[Date "2025.04.19"]
[Round "5.39"]
[White "Reza, Wojciech"]
[Black "Stankovic, Milos"]
[Result "1/2-1/2"]
[WhiteTitle "FM"]
[BlackTitle "IM"]
[WhiteElo "2278"]
[BlackElo "2439"]
[WhiteFideId "1151967"]
[BlackFideId "938190"]
[EventDate "2025.04.17"]

1. c4 e6 2. Nf3 d5 3. g3 Nf6 4. Bg2 Bd6 5. O-O O-O 6. d4 Nc6 7. c5 Be7 8. a3 Ne4
9. b4 f5 10. Bb2 Bf6 11. Ne5 Qe8 12. Nd2 a5 13. f3 Ng5 1/2-1/2

[Event "grenke Chess Open 2025"]
[Site "Karlsruhe GER"]
[Date "2025.04.19"]
[Round "5.40"]
[White "Schmidek, Emil"]
[Black "Heinrich, John"]
[Result "1-0"]
[WhiteTitle "IM"]
[BlackTitle "FM"]
[WhiteElo "2435"]
[BlackElo "2285"]
[WhiteFideId "12908150"]
[BlackFideId "16259491"]
[EventDate "2025.04.17"]

1. d4 Nf6 2. c4 g6 3. f3 d5 4. cxd5 Nxd5 5. e4 Nb6 6. Be3 Bg7 7. Nc3 O-O 8. Qd2
Nc6 9. O-O-O Qd6 10. Nb5 Qd7 11. Kb1 a6 12. Na3 Rd8 13. Ne2 Qd6 14. d5 Ne5 15.
Nc3 c5 16. dxc6 Qxd2 17. Rxd2 Rxd2 18. cxb7 Bxb7 19. Bxd2 Rc8 20. Be3 Nbc4 21.
Nxc4 Nxc4 22. Bxc4 Rxc4 23. Rd1 Bxc3 24. Rd8+ Kg7 25. bxc3 Bc6 26. Bd4+ f6 27.
e5 Kf7 28. exf6 exf6 29. Rd6 f5 30. Rd8 g5 31. Rh8 g4 32. Rxh7+ Kg6 33. Ra7 Ra4
34. fxg4 fxg4 35. Rg7+ Kf5 36. Rf7+ Ke4 37. Rf2 Bd7 38. Rd2 Ra5 39. Kb2 Rb5+ 40.
Kc2 Be6 41. Re2+ Kf5 42. Kd3 Ra5 43. a3 Bd7 44. Rf2+ Kg5 45. Bf6+ Kg6 46. Be7
Rh5 47. g3 Re5 48. Bd8 Rd5+ 49. Kc4 Rf5 50. Rxf5 Kxf5 51. Kd5 Be6+ 52. Kd4 Ba2
53. Bc7 Bb3 54. Bb8 Ba2 55. c4 Ke6 56. c5 Bd5 57. Ke3 Kf5 58. Kd4 Bf3 59. Kc4
Ke6 60. Bd6 Be2+ 61. Kd4 Bf3 62. Bf4 Kf5 63. Bd6 Bb7 64. Bc7 Bc6 65. Ba5 Bf3 66.
Bd2 Bc6 67. Be1 Ke6 68. Ba5 Bb7 69. Bc7 Bc6 70. Bd6 Bf3 71. Ke3 Bd1 72. Kf4 Kf6
73. Bc7 Kg6 74. Bd8 Be2 75. Ke5 Bf3 76. Kd6 Kf7 77. c6 Be4 78. a4 Bf5 79. a5 Ke8
80. Bg5 Be4 81. c7 Bb7 82. Bf4 Bc8 83. Kc6 Ke7 84. Kb6 1-0

[Event "grenke Chess Open 2025"]
[Site "Karlsruhe GER"]
[Date "2025.04.19"]
[Round "5.41"]
[White "Sydykov, Bayastan"]
[Black "Hagner, Bennet"]
[Result "1-0"]
[WhiteTitle "FM"]
[BlackTitle "FM"]
[WhiteElo "2272"]
[BlackElo "2430"]
[WhiteFideId "13829610"]
[BlackFideId "16224477"]
[EventDate "2025.04.17"]

1. d4 Nf6 2. Nf3 d5 3. c3 e6 4. Bf4 Bd6 5. e3 O-O 6. Nbd2 c5 7. Ne5 Qc7 8. Bd3
a5 9. O-O Nc6 10. Ndf3 c4 11. Bc2 b5 12. a3 Bb7 13. Nxc6 Bxc6 14. Bxd6 Qxd6 15.
Nd2 Qe7 16. b4 axb4 17. axb4 Rxa1 18. Qxa1 Ra8 19. Qb2 Qa7 20. Bb1 Nd7 21. Rc1
Nb6 22. Nf1 Be8 23. Qc2 g6 24. Ng3 Qa3 25. Ne2 f6 26. h4 Bf7 27. Kf1 e5 28. Qd2
e4 29. f3 f5 30. Bc2 Qa2 31. f4 Na4 32. Rb1 Nb6 33. Nc1 Qa7 34. Rb2 Qe7 35. Qe1
Ra3 36. Ra2 Qa7 37. Bb1 Rxa2 38. Nxa2 Qa3 39. Qc1 Qb3 40. Qc2 Na4 41. Ke1 Qa3
42. Kd2 Kg7 43. Nc1 Kh6 44. g3 Nb2 45. Ne2 Kh5 46. Ke1 Kg4 47. Kf1 Nd3 48. Qd1
Kh3 49. h5 gxh5 50. Bxd3 h4 51. Ng1+ Kxg3 52. Qe1+ 1-0

[Event "grenke Chess Open 2025"]
[Site "Karlsruhe GER"]
[Date "2025.04.19"]
[Round "5.42"]
[White "Ginsburg, Gennadi"]
[Black "Kenneskog, Theodor"]
[Result "1/2-1/2"]
[WhiteTitle "GM"]
[BlackTitle "FM"]
[WhiteElo "2429"]
[BlackElo "2278"]
[WhiteFideId "4630629"]
[BlackFideId "1715011"]
[EventDate "2025.04.17"]

1. e4 d6 2. d4 Nf6 3. Nc3 e5 4. Nf3 Nbd7 5. Bc4 Be7 6. O-O O-O 7. Re1 exd4 8.
Nxd4 Ne5 9. Bf1 Re8 10. h3 Bf8 11. b3 Ng6 12. Bb2 c6 13. Qd2 Bd7 14. a4 Qc7 15.
g3 Rad8 16. Bg2 c5 17. Ndb5 Qb8 18. Nd5 Nxd5 19. Qxd5 Bc6 20. Qd2 a6 21. Nc3 b5
22. axb5 axb5 23. Nd5 Qb7 24. h4 Ne7 25. h5 h6 26. Nf4 Nc8 27. Qd3 Nb6 28. g4
Nd7 29. Nd5 Bxd5 30. Qxd5 Qxd5 31. exd5 Rxe1+ 32. Rxe1 Ra8 33. Ra1 Rxa1+ 34.
Bxa1 Be7 35. Bc3 b4 36. Bd2 Bf6 37. f4 Bd4+ 38. Kf1 Kf8 39. Ke2 Ke7 40. Be4 Nb6
41. Kd3 Bb2 42. Be1 Nc8 1/2-1/2

[Event "grenke Chess Open 2025"]
[Site "Karlsruhe GER"]
[Date "2025.04.19"]
[Round "5.43"]
[White "Golecki, Jan"]
[Black "Domingo Nunez, Ruben"]
[Result "1/2-1/2"]
[BlackTitle "IM"]
[WhiteElo "2265"]
[BlackElo "2429"]
[WhiteFideId "1184008"]
[BlackFideId "22245570"]
[EventDate "2025.04.17"]

1. e4 c6 2. Nf3 d5 3. Nc3 Bg4 4. h3 Bxf3 5. Qxf3 e6 6. Qg3 a6 7. Be2 Nd7 8. O-O
g6 9. d3 Bg7 10. Bg5 Qb8 11. Bf4 Be5 12. Bxe5 Qxe5 13. Qxe5 Nxe5 14. d4 Nd7 15.
a4 Ne7 16. a5 f5 17. f3 O-O 18. Na4 Rae8 19. Ra3 Nc8 20. e5 Na7 21. c4 dxc4 22.
Bxc4 Kf7 23. Rd3 Rd8 24. Rfd1 Nb5 25. Nc5 Nxc5 26. dxc5 Rxd3 27. Rxd3 Ke7 28.
Bxb5 axb5 29. Rd6 Ra8 30. b4 Rc8 31. g4 fxg4 32. hxg4 Rf8 33. Kf2 Rf4 34. a6
bxa6 35. Rxc6 Rxb4 36. Rxa6 h5 37. gxh5 gxh5 38. Rb6 h4 39. Rb7+ Kd8 40. Kg2
Rb2+ 41. Kh3 Rb4 42. Rf7 Rc4 43. f4 b4 44. Kxh4 b3 45. Rb7 Kc8 46. Rf7 1/2-1/2

[Event "grenke Chess Open 2025"]
[Site "Karlsruhe GER"]
[Date "2025.04.19"]
[Round "5.44"]
[White "Lu, Miaoyi"]
[Black "Hasanov, Zaur"]
[Result "1-0"]
[WhiteTitle "IM"]
[BlackTitle "FM"]
[WhiteElo "2429"]
[BlackElo "2277"]
[WhiteFideId "8618020"]
[BlackFideId "34125970"]
[EventDate "2025.04.17"]

1. e4 c6 2. d4 d5 3. Nc3 dxe4 4. Nxe4 Nf6 5. Nxf6+ exf6 6. Be3 Bd6 7. Bd3 O-O 8.
Ne2 Re8 9. c4 Nd7 10. Qc2 Nf8 11. O-O-O Qa5 12. Kb1 Be6 13. a3 b5 14. c5 Bc7 15.
Be4 Qa6 16. Nc3 Rab8 17. d5 b4 18. Bd3 Qc8 19. dxe6 bxc3 20. exf7+ Kxf7 21. Qxc3
Kg8 22. Bd4 Rd8 23. g4 h6 24. Rhe1 Rxd4 25. Qxd4 Be5 26. Qc4+ Kh8 27. Re2 Qc7
28. Bf5 a5 29. h4 Qb7 30. Rdd2 g6 31. f4 gxf5 32. fxe5 Qh7 33. exf6 fxg4+ 34.
Ka1 Qf5 35. Qf7 Qg6 36. Rd7 Qxf7 37. Rxf7 Ng6 38. h5 Nf4 39. Ree7 Nxh5 40. Rh7+
Kg8 41. Rxh6 1-0

[Event "grenke Chess Open 2025"]
[Site "Karlsruhe GER"]
[Date "2025.04.19"]
[Round "5.45"]
[White "Palozza, Christian"]
[Black "Pancevski, Filip"]
[Result "0-1"]
[WhiteTitle "FM"]
[BlackTitle "IM"]
[WhiteElo "2257"]
[BlackElo "2428"]
[WhiteFideId "895580"]
[BlackFideId "15002187"]
[EventDate "2025.04.17"]

1. d4 Nf6 2. c4 g6 3. g3 Bg7 4. Bg2 d6 5. Nc3 O-O 6. Nf3 Nbd7 7. O-O e5 8. e4 b6
9. h3 Bb7 10. d5 Nc5 11. Ne1 a5 12. Be3 Bc8 13. Nd3 Ne8 14. Bxc5 dxc5 15. Rc1
Nd6 16. b3 Bd7 17. a4 Qe7 18. Re1 Rae8 19. f4 exf4 20. e5 Nf5 21. gxf4 Qh4 22.
Ne4 Nd4 23. Ndxc5 bxc5 24. Nxc5 Qxf4 25. Nxd7 Bxe5 26. Nxf8 Qh2+ 27. Kf1 Qf4+
28. Kg1 Kxf8 29. c5 Qh2+ 30. Kf1 Qf4+ 31. Kg1 Nf5 32. Rxe5 Qxe5 33. Qd3 Nd4 34.
Rd1 Ne2+ 35. Kf2 Nf4 36. Qd2 Qg5 37. Kf3 Re2 38. Qd4 Qxg2+ 39. Kxf4 Rf2+ 0-1

[Event "grenke Chess Open 2025"]
[Site "Karlsruhe GER"]
[Date "2025.04.19"]
[Round "5.46"]
[White "Kocharin, Timur"]
[Black "Colbow, Collin"]
[Result "1/2-1/2"]
[WhiteTitle "FM"]
[BlackTitle "IM"]
[WhiteElo "2263"]
[BlackElo "2422"]
[WhiteFideId "16240936"]
[BlackFideId "16201132"]
[EventDate "2025.04.17"]

1. c4 e6 2. Nc3 d5 3. d4 Nf6 4. cxd5 exd5 5. Bg5 Bb4 6. e3 h6 7. Bf4 Bf5 8. Ne2
O-O 9. Qb3 Nc6 10. a3 Bd6 11. Ng3 Bg6 12. Bxd6 Qxd6 13. Be2 Rfe8 14. O-O Nd8 15.
Qd1 Ne6 16. b4 Ng5 17. Rc1 Re7 18. Bd3 Nge4 19. Ngxe4 Nxe4 20. Nxe4 Bxe4 21.
Bxe4 Rxe4 22. Qb3 Re7 1/2-1/2

[Event "grenke Chess Open 2025"]
[Site "Karlsruhe GER"]
[Date "2025.04.19"]
[Round "5.47"]
[White "Milov, Leonid"]
[Black "Miszler, Levente"]
[Result "1/2-1/2"]
[WhiteTitle "GM"]
[BlackTitle "FM"]
[WhiteElo "2416"]
[BlackElo "2271"]
[WhiteFideId "14101068"]
[BlackFideId "763276"]
[EventDate "2025.04.17"]

1. c4 e6 2. g3 d5 3. Bg2 d4 4. Nf3 c5 5. e3 Nc6 6. exd4 cxd4 7. d3 Nf6 8. O-O h6
9. Bf4 Bd6 10. Bxd6 Qxd6 11. Na3 O-O 12. Rc1 Qc5 13. Nd2 Nb4 14. Nb3 Qf5 15.
Nxd4 Qxd3 16. Qa4 Qxd4 17. Qxb4 a5 18. Qb3 Qc5 19. Qb5 Qb4 20. Nc2 Qxb5 21. cxb5
a4 22. Na3 e5 23. Nc4 e4 24. Nb6 Rb8 25. Nxa4 Be6 26. b3 Rfd8 27. Nc5 Rd2 28. a4
Bd5 29. b6 e3 30. Bxd5 Nxd5 31. fxe3 Nxb6 32. Rfd1 Re2 33. Rd6 Na8 34. Rcd1 Rxe3
35. Rd8+ Re8 36. Rxe8+ Rxe8 37. Nxb7 Nc7 38. Rd8 Kf8 39. Rxe8+ Kxe8 40. Kf2 Kd7
41. Ke3 Ne6 42. b4 Kc6 43. Na5+ Kd5 44. Kd3 f5 45. Nb3 g5 46. a5 f4 47. a6 fxg3
48. hxg3 h5 49. a7 Nc7 50. Nd2 h4 51. g4 Kc6 52. Nf3 h3 53. Ke4 Kb7 54. Kf5 Nd5
55. Kxg5 Kxa7 56. Kh4 Nxb4 57. Kxh3 Nd5 58. g5 Ne7 59. Kg4 Kb7 60. Nh4 Kc7 61.
Nf5 Ng6 62. Kh5 Nf4+ 63. Kh6 Kd7 64. Ng3 Ke7 65. Nh5 Ng2 66. Kh7 Nh4 67. Nf4 Kf7
68. Ng2 Ng6 69. Ne3 Nf4 70. Ng2 Ng6 71. Ne1 Nf8+ 72. Kh6 Ne6 73. g6+ Kg8 74. Nf3
Nf4 75. g7 Ne6 76. Ng5 1/2-1/2

[Event "grenke Chess Open 2025"]
[Site "Karlsruhe GER"]
[Date "2025.04.19"]
[Round "5.48"]
[White "Loiseau, Quentin"]
[Black "Robert, Mathias"]
[Result "1/2-1/2"]
[WhiteTitle "IM"]
[WhiteElo "2414"]
[BlackElo "2256"]
[WhiteFideId "665274"]
[BlackFideId "26066769"]
[EventDate "2025.04.17"]

1. e4 c5 2. Nf3 Nc6 3. d4 cxd4 4. Nxd4 e5 5. Nb5 d6 6. N1c3 a6 7. Na3 b5 8. Nd5
Nf6 9. Nxf6+ Qxf6 10. Be2 Be6 11. c3 Qd8 12. Bg4 Qd7 13. Bxe6 Qxe6 14. Nc2 Be7
15. Ne3 O-O 16. O-O Rab8 17. Nd5 Bd8 18. Qd3 Ne7 19. Rd1 Nxd5 20. Qxd5 Bb6 21.
Bg5 h6 22. Bh4 Rfe8 23. Bg3 Red8 24. Kf1 a5 25. f3 b4 26. Be1 Qf6 27. Qd2 bxc3
28. bxc3 Qe6 29. Rab1 Bc5 30. Qe2 Rxb1 31. Rxb1 Rc8 32. a4 f5 33. Rb5 fxe4 34.
Qxe4 d5 35. Qg4 Qc6 36. Bg3 e4 37. fxe4 Rf8+ 38. Ke2 Ba7 39. Rxd5 Qc4+ 40. Kd2
Qa2+ 41. Kd3 Qb1+ 42. Kd2 Qa2+ 43. Kd3 Qb1+ 44. Ke2 Qa2+ 45. Kd3 1/2-1/2

[Event "grenke Chess Open 2025"]
[Site "Karlsruhe GER"]
[Date "2025.04.19"]
[Round "5.49"]
[White "De Boer, Eelke"]
[Black "Schulze, Marc"]
[Result "1-0"]
[WhiteTitle "IM"]
[WhiteElo "2412"]
[BlackElo "2253"]
[WhiteFideId "1048120"]
[BlackFideId "1271126"]
[EventDate "2025.04.17"]

1. e4 g6 2. d4 Bg7 3. Nf3 c6 4. Bd3 d5 5. e5 Bg4 6. Nbd2 c5 7. h3 Bxf3 8. Nxf3
Nc6 9. c3 e6 10. dxc5 Nxe5 11. Nxe5 Bxe5 12. Qa4+ Kf8 13. Qb4 Qe7 14. O-O Kg7
15. Re1 Bc7 16. Be3 Nf6 17. Qh4 h6 18. f4 b6 19. b4 bxc5 20. bxc5 Ba5 21. Rac1
Rac8 22. f5 g5 23. Qa4 Rxc5 24. fxe6 fxe6 25. Bxc5 Qxc5+ 26. Kh1 Re8 27. Rf1 Re7
28. Qd1 Rf7 29. Qe2 Qd6 30. c4 Bc7 31. g4 d4 32. Rce1 Re7 33. Rf3 Nd7 34. Rf2
Nc5 35. Ref1 Qc6+ 36. Kg1 Bf4 37. Rxf4 gxf4 38. Qe5+ Kg8 39. Qxf4 Qe8 40. Bg6 e5
41. Qf5 Qd8 42. Bf7+ 1-0

[Event "grenke Chess Open 2025"]
[Site "Karlsruhe GER"]
[Date "2025.04.19"]
[Round "5.50"]
[White "Kolb, Tobias"]
[Black "Riemay, David"]
[Result "1/2-1/2"]
[WhiteTitle "FM"]
[BlackTitle "CM"]
[WhiteElo "2410"]
[BlackElo "2250"]
[WhiteFideId "12992321"]
[BlackFideId "4682076"]
[EventDate "2025.04.17"]

1. d4 d6 2. Nf3 g6 3. c4 f5 4. Nc3 Nf6 5. g3 Bg7 6. Bg2 O-O 7. O-O c6 8. Qc2 Na6
9. a3 Qe8 10. Re1 e5 11. dxe5 dxe5 12. e4 Nc5 13. Nh4 f4 14. b4 Ne6 15. Bb2 Nd4
16. Qd3 Ng4 17. Nd1 g5 18. Nf3 Nxf3+ 19. Qxf3 Nh6 20. Qe2 Be6 21. gxf4 gxf4 22.
Bf3 Kh8 23. Kh1 Bf6 24. Bh5 Qd7 25. f3 Rg8 26. Nf2 Rg5 27. Rad1 Qg7 28. Rg1 Rg8
29. Rxg5 Qxg5 30. Bg4 Nxg4 31. Nxg4 Bxg4 32. fxg4 Qxg4 33. Qxg4 Rxg4 34. Rg1 h5
35. h3 Rxg1+ 36. Kxg1 Kg7 37. Kg2 Kf7 38. Bc3 Ke6 39. Be1 Kd7 40. Kf3 b6 41. Ke2
Be7 42. Kd3 a6 43. a4 b5 44. axb5 cxb5 45. cxb5 axb5 46. Ke2 Bd8 47. Bf2 Kc6 48.
Kf3 Bb6 49. Bxb6 Kxb6 50. h4 1/2-1/2